[Event "Belgrade Trophy 31st"]
[Site "Belgrade"]
[Date "2017.11.30"]
[Round "7"]
[White "Maksimovic, Bojan"]
[Black "Atalik, Suat"]
[Result "0-1"]
[WhiteElo "2311"]
[BlackElo "2545"]
[Annotator "Atalik,S"]
[PlyCount "88"]
[EventDate "2017.11.24"]
[EventType "swiss"]
[EventRounds "9"]
[EventCountry "SRB"]
[SourceTitle "CBM 182"]
[Source "ChessBase"]
[SourceDate "2018.01.17"]
[SourceVersion "1"]
[SourceVersionDate "2018.01.17"]
[SourceQuality "1"]

1. e4 c5 2. Nf3 d6 3. d4 cxd4 4. Nxd4 Nf6 5. Nc3 a6 6. Be2 e5 7. Nb3 Be7 8. O-O
O-O 9. f4 $2 {A terrible move which my opponent played very quickly.} (9. Be3
Be6 10. Qd2 Nbd7 11. a4 {used to be Geller's bread and butter.}) 9... b5 $1 $36
10. a3 (10. a4 Bb7 (10... Qb6+ 11. Kh1 Bb7)) 10... Bb7 11. fxe5 $146 (11. Bd3
Nbd7) (11. Bf3 Nbd7) 11... dxe5 12. Bf3 Nbd7 13. Be3 Qc7 $5 (13... Rc8 14. Qe2
Nb6 15. Na5 Ba8) 14. Qe2 Rac8 (14... Nb6 15. Na5 Bc8) (14... Rfb8 $2 15. g4 $1)
({I rejected the obvious} 14... Bxa3 15. Rxa3 b4 16. Ra4 bxc3 17. Rc4 Qd8 18.
Rxc3 Bxe4 19. Bxe4 Nxe4 20. Rc6 $44) (14... Rfc8 $5) 15. Qf2 Nc5 $2 ({And
rejecting} 15... Bxa3 {for a second time.} 16. Rxa3 b4 17. Nb5 $1 Qxc2 $1 (
17... axb5 $2 18. Ra7 Ra8 19. Rfa1 Rxa7 20. Rxa7 Ra8 21. Bg5 $1 {I did not
feel comfortable in this position.}) 18. Ra5 axb5 19. Qxc2 Rxc2 $19 {should
have done the job.}) 16. Nxc5 Bxc5 17. Bxc5 (17. Rfd1 Bxe3 18. Qxe3 Rfd8 $17)
17... Qxc5 18. Qxc5 $5 (18. Rfd1 Qe7 19. Rd3 Rc4) 18... Rxc5 19. Rfe1 Rb8 $5 {
A mysterious rook move.} (19... Rfc8 {is normal.}) 20. Re2 Rc4 21. Rd1 Kf8 22.
Kf2 g5 $1 $17 {A very important move pushing White's pieces back and thus
gaining space.} 23. g3 (23. g4 h5 24. h3 (24. gxh5 g4 25. Bg2 Ke7 26. Ke3 Rh8
$40) 24... hxg4 25. hxg4 Ke7) 23... Ke7 24. Rd3 g4 25. Bg2 Rbc8 26. Ke3 {
White's king is heading to c1 to liberate the Nc3.} R4c5 (26... a5 $2 27. Nxb5
Rxc2 28. Rdd2 $15) 27. Kd2 a5 28. Kc1 b4 29. Na4 (29. axb4 axb4 30. Na4 Ra5 31.
Nb6 Rb8 32. Nc4 Rc5 33. b3 Ba6 $19) 29... R5c6 30. axb4 ({I was only thinking
about} 30. Rd5 $5 Nxd5 31. exd5 bxa3 $1 32. bxa3 (32. dxc6 a2) 32... Ba6 33.
Rxe5+ Kd6 $19) 30... Ba6 31. Nc5 Bb5 $1 $19 {To recapture the pawn with axb4
is a much bigger threat than to go for the exchange.} (31... Bxd3 $2 32. Nxd3
axb4 33. Nxb4 $13) 32. Rdd2 Bxe2 $6 (32... axb4 $142 33. Nd3 b3 34. c3 (34.
Nxe5 Ra6) 34... Ra6 35. Rd1 Rd8 $19 {was the easiest.}) 33. Rxe2 axb4 34. Nd3
b3 35. c3 Rd6 $1 36. Nb4 (36. Nxe5 $2 Rcd8 (36... Ra8 37. Nc6+) 37. Re1 Ra6 38.
Kb1 Rd2 $19) 36... Ra8 37. Nd5+ Nxd5 38. exd5 Ra1+ 39. Kd2 Rh6 $1 $19 {There
is no place for White's bishop.} 40. Be4 (40. Rxe5+ Kd6 41. Re2 Rxh2 $19) 40...
Kd6 (40... Rf1 41. c4 Kd6 42. Bd3 Rh1 $19) 41. Kd3 $2 ({The most resilient was
} 41. Rf2 f5 $1 42. Rxf5 (42. Bxf5 Rh1 $19 (42... Rf6 $5 {was my original
intention.})) 42... Rxh2+ 43. Kd3 Kc5 $1 44. Rf8 Rd1+ 45. Ke3 Rxb2) 41... Rf1
$1 {Curtains!} 42. c4 f5 43. Bg2 Rc1 44. Rf2 Rxh2 0-1

[Event "Bratto op 25th"]
[Site "Bratto"]
[Date "2005.08.27"]
[Round "8"]
[White "Dervishi, Erald"]
[Black "Atalik, Suat"]
[Result "1/2-1/2"]
[WhiteElo "2482"]
[BlackElo "2561"]
[Annotator "Atalik,S"]
[PlyCount "95"]
[EventDate "2005.08.20"]
[EventType "swiss"]
[EventRounds "9"]
[EventCountry "ITA"]
[SourceTitle "CBM 108 Extra"]
[Source "ChessBase"]
[SourceDate "2005.11.04"]
[SourceVersion "1"]
[SourceVersionDate "2005.11.04"]
[SourceQuality "1"]

1. e4 c5 2. Nf3 d6 3. d4 cxd4 4. Nxd4 Nf6 5. Nc3 a6 {In the last years I was
staying more and more away from Sicilians. However I also know that Erald
usually plays tootless lines against it.} 6. Be2 e5 7. Nb3 Be7 8. O-O O-O 9.
Kh1 Nc6 10. f4 (10. f3 Be6 11. Nd5 a5 12. Be3 a4 13. Nc1 Bxd5 14. exd5 Nd4 15.
Bxd4 exd4 16. Qxd4 Qa5 17. Rd1 Nd7 $44 {is more topical.}) 10... b5 11. Bf3 Na5
12. Nxa5 Qxa5 13. fxe5 dxe5 14. Bg5 Bb7 (14... Be6 $5 15. Nd5 (15. Qe1 b4 16.
Nd1 Qc5 $132) 15... Bxd5 16. exd5 Rad8 $11) 15. a3 (15. Qe1 b4 16. Nd1 Qc5 $132
(16... h6 17. Bh4 g5 $2 18. Bg3 g4 19. Be2 Nxe4 20. Ne3 $44)) 15... Qd8 $1 $146
{I have somehow improved on a game of Erald's against my good friend IM Mario
Lanzani from the same event last year. The queen on a5 finished his job there
so she has to return to the harbour.} 16. Bxf6 $6 {White is obviously playing
for d5 square but giving away the pair of bishops is a heavy decision.} (16.
Qe1 Nd7 17. Be3 Bc5 18. Rd1 Bxe3 19. Qxe3 Qc7 20. Bg4 Nb6 $11) 16... Bxf6 17.
Qe1 Rc8 (17... Qc7 18. Rd1 Rad8 $15) 18. Rd1 {Draw offer.} Qe7 19. Bg4 (19. Nd5
Bxd5 20. exd5 Qd6 $1 $15 {Usually these type of positions are better for black.
} (20... Rxc2 $2 21. d6 Qd7 22. Be4 $44)) 19... Rcd8 20. Bf3 (20. Nd5 Bxd5 21.
exd5 e4 $15) 20... Rxd1 21. Nxd1 Bg5 22. Nf2 $5 ({I was expecting.} 22. Nc3)
22... Rc8 23. Qe2 Qc7 (23... Qc5 24. c3 Qe3 $2 25. Qxe3 Bxe3 26. Ng4) 24. c3
Qc4 {This position looks great for black however now comes the shorter part of
bishops pair: if black can not open the game by pawn exchanges or pushes white
can hold.} 25. Nd3 f5 {So I have decided to force the things.} (25... Rd8 26.
Rd1 $15 (26. Nxe5 $2 Qxe2 27. Bxe2 Rd2)) 26. Nxe5 (26. b3 $2 Qxb3 27. exf5 Bxf3
28. Qxf3 Bf6 29. Nb4 Qxa3 30. Nd5 Kh8 $17) 26... Qxe2 27. Bxe2 fxe4 $6 ({After
} 27... Bxe4 28. Nf3 Be3 29. Rd1 Re8 30. c4 $1 $132 {looked impregnable to me.}
) 28. a4 $2 {He did not play the obvious equalizer.} (28. Bg4 Re8 29. Nf7 Bf6
30. Nd6 Re7 31. Nxb7 Rxb7 32. Be6+ (32. Bc8 Rb6) (32. Re1 Re7) 32... Kf8 33.
Re1 Rb6 34. Bd5 Rd6 35. Bxe4 Rd2 36. Rb1 $11) 28... Bf6 29. Nd7 (29. axb5 $2
Bxe5 30. bxa6 Ba8 $19) 29... bxa4 30. Nxf6+ gxf6 31. Rxf6 Bd5 (31... a3 32.
bxa3 Rxc3 33. h4 e3 (33... Rxa3 $2 34. Bc4+) 34. Rb6 Bc8 35. Kh2 Rc2 36. Bd3
$11 (36. Bxa6 $2 e2)) 32. Rd6 Bf7 33. Rd4 a3 34. bxa3 Rxc3 35. h4 e3 $6 {
Ambitious and stupid at the same time.} (35... Rxa3 36. Rxe4 Kf8 (36... a5 37.
Bc4 $11) 37. Rf4 Ke7 38. Bc4 Bg6 39. g4 $11) 36. Rd3 Rxd3 37. Bxd3 Bh5 38. Kg1
a5 39. Kf1 Kg7 $2 {I was absolutely unaware of white's next in time trouble.} (
39... Bg4 40. Be2 Be6 $11) 40. Bf5 $1 {Black has to be careful now.I was lucky
that the resulting bishops ending was still a draw due to reduced material.} h6
41. g4 Kf6 42. Ke2 Bf7 43. Bc8 Ke5 44. Kxe3 Bg6 45. Ba6 Bc2 46. Bd3 $2 {
This ended the game a little bit too quick.} (46. Be2 Bg6 47. Kd2 Kf4 48. Kc3
Bf7 49. Kd4 Be6 50. g5 hxg5 51. hxg5 Kxg5 52. Kc5 $11 {is still a draw.}) 46...
Bxd3 47. Kxd3 Kf4 48. g5 {Realizing that its immediate draw Erald offered
peace.} (48. g5 hxg5 49. hxg5 Kxg5 50. Kc4 Kf6 (50... Kf5 51. Kb5 a4 52. Kxa4
Ke6 53. Kb5 Kd7 54. Kb6 Kc8 $11) 51. Kb5 Ke7 52. Kxa5 Kd8 53. Kb6 Kc8 $11)
1/2-1/2

[Event "Otvoreno Prventsvo Pozarevca"]
[Site "Pozarevac"]
[Date "2015.12.26"]
[Round "2"]
[White "Radovanovic, Dusan"]
[Black "Atalik, Suat"]
[Result "0-1"]
[WhiteElo "2327"]
[BlackElo "2570"]
[Annotator "Atalik,S"]
[PlyCount "68"]
[EventDate "2015.12.25"]
[EventType "swiss"]
[EventRounds "5"]
[EventCountry "YUG"]
[SourceTitle "CBM 170"]
[Source "ChessBase"]
[SourceDate "2016.01.15"]
[SourceVersion "1"]
[SourceVersionDate "2016.01.15"]
[SourceQuality "1"]

1. e4 c5 2. Nf3 d6 3. d4 cxd4 4. Nxd4 Nf6 5. Nc3 a6 6. Be2 e5 7. Nb3 Be7 ({
Last time in order to avoid the line in this game I had chosen an old path.} 
7... Be6 $5 8. f4 $1 (8. Bg5 Nbd7) 8... Be7 9. f5 Bd7 $14) 8. Bg5 {A nasty
line.} Nc6 $5 {Played by Carlsen 3 days prior to our game.} (8... Be6 {However
when Carlsen tried to play against his own line it meant that he had something
up to his sleeve. Alas Giri chose} 9. Bxf6 Bxf6 10. Qd3 Be7 $5 11. Nd5 Nd7 12.
Rd1 Bxd5 13. Qxd5 Qc7 $14 {and drew the game this time on the morrow of our
encounter.}) 9. Bxf6 $6 (9. Qd3 Nb4 10. Qd2 h6 11. Bxf6 Bxf6 12. a3 (12. Nd5
Nxd5 13. Qxd5 Qc7 {is the stem game Duda-Carlsen, Doha 2015.}) 12... Bg5 13.
Qd1 Nc6 14. O-O Be6 $11) (9. Qd2 h6 10. Be3 (10. Bxf6 Bxf6 11. Rd1 Be7 $11)
10... Nxe4 $1 11. Nxe4 d5 $11) (9. O-O $1 h6 (9... Be6 10. Qd2) 10. Be3 $1 {
may question this knight's position on c6 instead of the usual place for it
namely d7.} O-O 11. Qd2 a5 12. a4 Nb4 13. f4 $13 {is like my game with
Barbulescu from Belfort 1983 where the extra h6 may turn out to be more
helpful than it seems.}) 9... Bxf6 10. Qd3 Nb4 11. Qd1 Be6 ({I wanted to
prevent} 11... O-O 12. a3 Nc6 13. Nd5 Bg5 14. Qd3 Ne7 15. Rd1 $1) 12. a3 Nc6
13. Nd5 Bg5 (13... Rc8 14. Nxf6+ Qxf6 15. Qxd6 Bxb3 16. Qxf6 gxf6 17. cxb3 Nd4
18. Bd1 Nc2+ 19. Bxc2 Rxc2 $11) 14. Qd3 Ne7 {Everything for the control of d5.}
(14... O-O 15. Rd1 Rc8 16. O-O $13) 15. c4 $6 {This makes Black's job easier.}
(15. h4 Bh6 16. g4 Bxd5 (16... f6 $5) 17. g5 Bxg5 18. hxg5 Bc6 19. O-O-O Ng6 $1
$17) (15. Nxe7 Kxe7 $1 16. Nd2 Rc8 17. O-O Qb6 $40 {is what I had anticipated.}
) 15... Nxd5 (15... O-O 16. h4 Bh6 17. g4 $1 $13) (15... Rc8 $5) 16. exd5 $5 (
16. cxd5 Bd7 17. Nd2 $15) 16... Bd7 $17 {Black has at least an easy game.} 17.
O-O (17. c5 O-O $1 18. cxd6 Bb5 $17) 17... O-O 18. Qc3 ({I had expected} 18. a4
Re8 (18... b6 19. a5 Rb8) 19. a5 e4 $17) 18... b6 $1 {Now with the queenside
stabilised Black may start kingside operations.} 19. Nd2 f5 20. b4 e4 21. Rae1
Bf6 {I hesitated for a long time about whether to exchange queens and decided
to keep them on.} (21... Qf6 $5 22. Qxf6 Bxf6 $17) 22. Qc2 (22. Qe3 Re8 (22...
Qc7 23. Nb3) (22... a5 23. c5 $1) 23. Nb3 Rc8 $17) 22... Bd4 $1 {Now Black's
bishop has an excellent post.} 23. Kh1 (23. Nb3 Ba4 (23... Be5 $5) 24. Qd2
Bxf2+ (24... Be5 25. Nd4) 25. Rxf2 Bxb3 $17 {and a pawn is a pawn.}) 23... Qf6
(23... Qh4 $5 24. g3 Qf6 {is another idea but I did not see the necessity to
provoke g3.}) 24. f3 $1 exf3 $5 {Keeping the pawn structure fluid.} (24... e3
25. Nb3 Ba4 26. f4 b5 $1 $17) 25. Nxf3 Be3 26. Bd3 Qh6 $1 ({There is no need
to allow a break yet.} 26... Rae8 27. c5 bxc5 28. Bxa6 cxb4 29. axb4 f4 $17)
27. Qc3 (27. Re2 f4 28. Rfe1 Rae8 $17) 27... f4 28. Nd4 $2 {The loss of a
tempo is always unwelcome.} Rf6 $1 29. Nf5 $2 {After this mistake the e-pawn
simply walks!} ({He had to bite the bullet and go back:} 29. Nf3 Raf8 $40) (29.
Ne6 $4 Qxh2+ 30. Kxh2 Rh6#) 29... Bxf5 30. Bxf5 Rxf5 31. Rxe3 fxe3 32. Rxf5 e2
$19 33. c5 (33. Qe1 Re8 34. h3 Qe3 35. Rf3 Qd4 $19 {and nothing prevents ...
Qd1.}) 33... Re8 34. Qe1 Qd2 $1 0-1

[Event "RUS-ch 56th"]
[Site "Krasnoyarsk"]
[Date "2003.09.06"]
[Round "4"]
[White "Jakovenko, Dmitrij"]
[Black "Najer, Evgeniy"]
[Result "1-0"]
[WhiteElo "2564"]
[BlackElo "2608"]
[Annotator "Atlas,V"]
[PlyCount "57"]
[EventDate "2003.09.03"]
[EventType "swiss"]
[EventRounds "9"]
[EventCountry "RUS"]
[SourceTitle "CBM 098"]
[Source "ChessBase"]
[SourceDate "2004.02.03"]
[SourceVersion "1"]
[SourceVersionDate "2004.02.03"]
[SourceQuality "1"]

1. e4 c5 2. Nf3 d6 3. d4 cxd4 4. Nxd4 Nf6 5. Nc3 a6 6. Be2 e5 7. Nb3 Be7 8. O-O
O-O 9. Kh1 b5 10. a4 b4 11. Nd5 Bb7 12. Nxe7+ Qxe7 13. f3 d5 14. exd5 Bxd5 15.
Bg5 Rd8 16. Qe1 Nc6 17. Qf2 h6 18. Be3 Bxb3 19. cxb3 Nd4 20. Bc4 Nd5 21. Rae1
Nxe3 22. Rxe3 Rd6 23. Re4 Nc6 $2 {An imprudent move yielding White a dangerous
initiative. Diese Unvorsichtigkeit überlässt Weiß gefährliche Initiative.} (
23... Qf6 {was to be preferred. war vorzuziehen.}) 24. f4 $1 {[%csl Ge4,Re5,
Re7,Gf4]} Rd4 25. Qe1 Ra7 26. h3 Qc5 $2 ({Better was besser war} 26... Kh8) 27.
Qe3 Qd6 $2 (27... Re7 {was more stubborn. war hartnäckiger.}) 28. fxe5 $1 Rxe4
{[%tqu "En","How should White continue?","Exploit the shaky position of the
enemy queen and the disharmony in the placement of Black's pieces.","Capture
the 'right' rook!","e3a7","An elegant game conclusion.",5,"De","Wie soll Weiß
fortsetzen?","Schlagen Sie Kapital aus der unsicheren Stellung der feindlichen
Dame und der Disharmonie der schwarzen Figuren.","Schlagen Sie den 'richtigen'
Turm!","e3a7","Ein eleganter Partieschluss.",5]} 29. Qxa7 $1 {[%csl Rd6,Re4]
This elegant move decides the game for White. Dieser elegante Zug entscheidet
die Partie für Weiß.} (29. Qxa7 $1 {Black resigned, since after und Schwarz
gab auf, denn nach} Nxa7 (29... Nxe5 30. Qa8+ Qf8 31. Qxe4) (29... Rxe5 30.
Qxf7+ Kh7 31. Qg8+ Kg6 32. Bf7+ Kg5 33. Qxg7+ Kh4 34. Qg4#) 30. exd6 Rd4 31.
Rxf7 Rxc4 32. Rxa7 Rd4 33. Rxa6 {his position is absolutely hopeless. ist
seine Stellung absolut hoffnungslos.}) 1-0

[Event "EU-Cup 20th"]
[Site "Izmir"]
[Date "2004.10.06"]
[Round "4.3"]
[White "Jakovenko, Dmitrij"]
[Black "Vallejo Pons, Francisco"]
[Result "0-1"]
[WhiteElo "2596"]
[BlackElo "2678"]
[Annotator "Atlas,V"]
[PlyCount "54"]
[EventDate "2004.10.03"]
[EventType "team-swiss"]
[EventRounds "7"]
[EventCountry "TUR"]
[SourceTitle "CBM 104"]
[Source "ChessBase"]
[SourceDate "2005.01.27"]
[SourceVersion "1"]
[SourceVersionDate "2005.01.27"]
[SourceQuality "1"]
[WhiteTeam "Tomsk 400"]
[BlackTeam "Paris NAO"]
[WhiteTeamCountry "RUS"]
[BlackTeamCountry "FRA"]

1. e4 c5 2. Nf3 d6 3. d4 cxd4 4. Nxd4 Nf6 5. Nc3 a6 6. Be2 e5 7. Nb3 Be7 8. O-O
O-O 9. Kh1 Nc6 10. f3 Be6 11. Nd5 a5 12. Nxe7+ Qxe7 13. Bg5 Rfd8 14. f4 {
'?!' A dubious decision, yielding Black a lasting initiaitve.} h6 15. fxe5 (15.
Bxf6 Qxf6 16. f5 {was to be preferred.}) 15... hxg5 16. exf6 gxf6 17. Nd4 Kg7
18. Nxc6 bxc6 {Black obviously won the opening battle.} 19. Qd4 Rh8 20. Rad1 (
20. Rf2 {/\Raf1 deserved attention here.}) 20... d5 {'!'} 21. exd5 Bxd5 22. Rf5
{'?'} (22. Bf3 {was more tenacious. Yet, after} Bxf3 23. Rxf3 Rad8 24. Qg1 Rxd1
25. Qxd1 Qe5 26. h3 Qxb2 {White still has serious problems.}) 22... Rad8 23.
Bf3 (23. Rxg5+ {falls short of} Kf8 {, and White suffers material losses.})
23... Be4 {'!' The decisive blow, deciding the game for Black.} ({Of course,
not} 23... Be6 $4 24. Rxg5+ Kh7 25. Qh4#) (23... Bxf3 24. Rxg5+ Kf8 25. Qxd8+)
24. Rxg5+ (24. Qe3 {fails to} Rxd1+ 25. Bxd1 Bxg2+ {, winning the queen.})
24... Bg6 {'!'} (24... Kh6 {is strongly met by} 25. Rh5+ Kg6 26. Bxe4+) 25. Bd5
Rxd5 26. Rxd5 cxd5 27. Qxd5 Qc7 {White resigned, as he has no compensation for
the bishop.} 0-1

[Event "Capablanca Memorial Elite 39th"]
[Site "Havana"]
[Date "2004.05.11"]
[Round "5"]
[White "Bruzon Batista, Lazaro"]
[Black "Quesada Perez, Yuniesky"]
[Result "1-0"]
[WhiteElo "2602"]
[BlackElo "2478"]
[Annotator "Atlas,V"]
[PlyCount "93"]
[EventDate "2004.05.06"]
[EventType "tourn"]
[EventRounds "11"]
[EventCountry "CUB"]
[EventCategory "13"]
[SourceTitle "CBM 101"]
[Source "ChessBase"]
[SourceDate "2004.07.27"]
[SourceVersion "1"]
[SourceVersionDate "2004.07.27"]
[SourceQuality "1"]

1. e4 c5 2. Nf3 d6 3. d4 cxd4 4. Nxd4 Nf6 5. Nc3 a6 6. Be2 e5 7. Nb3 Be7 8. Bg5
Be6 9. Bxf6 Bxf6 10. Qd3 Nc6 11. O-O-O Be7 12. Nd5 Bg5+ 13. Kb1 O-O 14. h4 Bxh4
15. g3 Bf6 16. Qf3 Bg5 17. Qh5 Bh6 18. Bg4 a5 19. Ne3 $1 {[%csl Rh6,Rh7][%cal
Gh1h7,Ge3f5,Ge3g4] Threatening 20.Bxe6 fxe6 21.Ng4. Drohend 20.Bxe6 fxe6 21.
Ng4.} a4 $5 20. Nc5 Qe7 21. Nd3 a3 22. b3 Nd4 23. Bf5 Rac8 (23... Qc7 $1 {
, promising Black good counterchances on the queenside, was to be preferred. ,
was Schwarz gute Konterchancen am Damenflügel verspricht, war vorzuziehen.})
24. Nb4 $1 {[%csl Rd5][%cal Gb4d5,Ge3d5] Occupying the d5-square and obtaining
a durable advantage. Besetzt das Feld d5 mit dauerhaftem Vorteil.} Qc7 25. c4
Bxf5 26. Nxf5 Nxf5 27. Qxf5 f6 28. Nd5 Qf7 29. Rd3 Rc6 30. Nc3 Ra8 31. Rhd1 g6
32. Qh3 Bf8 33. g4 Qe6 34. Nd5 Bg7 35. g5 Re8 36. Rh1 Qxh3 37. Rdxh3 fxg5 38.
Rxh7 Rcc8 39. R7h3 Re6 40. Rg1 Rf8 41. f3 Bf6 42. Kc2 Ree8 43. Rh6 Kf7 44. b4
Rh8 45. Rgh1 Rxh6 46. Rxh6 Kg7 $4 ({A final mistake in a difficult position.
More stubborn was Ein letzter Fehler in schwieriger Stellung. Hartnäckiger war
} 46... Bg7) {[%tqu "En","Black's last move allows White to win the game on
the spot by an elegant petite combination. Can you find it?","Exploit the
unfortunate placement of the black rook and the shaky position of the black
bishop.","Sacrifice your rook!","h6h7","An elegant game conclusion!",3,"De",
"Der letzte schwarze Zug erlaubt Weiß, die Partie mit einer eleganten 'petite
combinaciòn' sofort zu gewinnen. Finden Sie sie?","Schlagen Sie Kapital aus
der unglücklichen Platzierung des schwarzen Turms und dem hängenden schwarzen
Läufer.","Opfern Sie Ihren Turm!","h6h7","Ein eleganter Partieabschluss!",3]}
47. Rh7+ $1 ({Winning a piece and the game: Gewinnt eine Figur und die Partie:
} 47. Rh7+ $1 {[%csl Gd5,Re8,Rf6,Rg7,Gh7][%cal Gd5f6]} Kxh7 48. Nxf6+ Kg7 49.
Nxe8+) 1-0

[Event "Dubai op"]
[Site "Dubai"]
[Date "2001.04.18"]
[Round "4"]
[White "Abdelnabbi, Imed"]
[Black "Jobava, Baadur"]
[Result "0-1"]
[WhiteElo "2434"]
[BlackElo "2543"]
[Annotator "Atlas,V"]
[PlyCount "86"]
[EventDate "2001.04.15"]
[EventType "swiss"]
[EventRounds "9"]
[EventCountry "UAE"]
[SourceTitle "CBM 083"]
[Source "ChessBase"]
[SourceDate "2001.07.05"]
[SourceVersion "1"]
[SourceVersionDate "2001.07.05"]
[SourceQuality "1"]

1. e4 c5 2. Nf3 d6 3. d4 Nf6 4. Nc3 cxd4 5. Nxd4 a6 6. Be2 e5 7. Nb3 Be7 8. O-O
O-O 9. Be3 Nbd7 10. a4 b6 11. Qd2 Bb7 12. f3 Qc7 13. Rfd1 Rfc8 14. Nc1 Qd8 15.
N1a2 h6 16. Nb4 a5 17. Nba2 Nc5 18. b3 Ne6 19. Kh1 Ne8 20. Nb5 Bg5 21. Bc4 Bxe3
22. Qxe3 Rc5 23. Rd2 N6c7 24. Rad1 Nxb5 25. Bxb5 Bc6 26. Bc4 Bxa4 27. Bxf7+
Kxf7 28. bxa4 Rac8 29. Qb3+ Kg6 30. Qe6+ Kh7 31. Qf5+ Kg8 32. Qe6+ Kf8 33. c3
Rc4 34. f4 $6 Qf6 $1 35. Qd5 exf4 $17 36. Qb7 Qf7 37. Qxb6 Rxa4 38. Qa6 Qc4 $1
39. Qb7 Qc6 40. Qa7 Qxe4 41. Nb4 Qe3 (41... Ra8 $19) 42. Rd4 Rc7 43. Qa8 {
[%tqu "En","Black has been energetically punishing White's mistakes. How
should he develop his initiative?","Use the weakness of White's back rank.",
"Try to deflect the d1-rook!","a4b4","This elegant move wins on the spot.",4]}
Rxb4 $1 {[%csl Rd1][%cal Ge3d4,Gc7c1,Gc1h1]} (43... Rxb4 {, and White resigned
in view of the line:} 44. cxb4 Qxd4 45. Rxd4 Rc1+ 46. Rd1 Rxd1#) 0-1

[Event "RUS-ch"]
[Site "Elista"]
[Date "1996.??.??"]
[Round "2"]
[White "Korneev, Oleg"]
[Black "Nevostrujev, Vladimir"]
[Result "1/2-1/2"]
[WhiteElo "2565"]
[BlackElo "2405"]
[Annotator "Atlas,V"]
[PlyCount "54"]
[EventDate "1996.10.15"]
[EventType "swiss"]
[EventRounds "11"]
[EventCountry "RUS"]
[SourceTitle "CBM 056"]
[Source "ChessBase"]
[SourceDate "1997.02.01"]
[SourceVersion "1"]
[SourceVersionDate "1997.02.01"]
[SourceQuality "1"]

1. e4 c5 2. Ne2 d6 3. d4 cxd4 4. Nxd4 Nf6 5. Nc3 a6 6. Be3 e5 7. Nf3 Qc7 8. a4
Be7 9. Be2 O-O 10. O-O Be6 11. a5 Nbd7 12. Ng5 Bc4 13. Bxc4 $5 ({An
interesting approach. The continuation} 13. Ra4 {yielded White an advantage
after} Bxe2 14. Qxe2 Rfc8 15. Nf3 Qc6 16. Rd1 Bf8 17. h3 h6 18. Qd3 Be7 19.
Rda1 Nc5 20. Bxc5 Qxc5 21. Nd2 Rc6 22. Nc4 Bd8 23. Rd1 Rb8 24. Nd5 {+/=/+/-
Huebner,R-Portisch,L/Abano Terme (m3) 1980}) 13... Qxc4 14. Qd3 ({Now} 14. Ra4
{is unefficient, in view of} Qc6) 14... Rac8 ({After} 14... Qxd3 15. cxd3 {
White retains better ending perspectives.}) 15. Nf3 ({Aiming at 16.Nd2. The
appealing alternative was} 15. Rfd1 $5 {, in which case White prevents an
unexpected counterplay.}) (15. Ra4 Qxd3 16. cxd3 Nc5 $132) 15... d5 $5 {
An efficient blow, yielding Black good counterchances.} 16. Qxc4 Rxc4 $1 ({
An enterprising sacrifice. After} 16... dxc4 $6 17. Rfd1 {White retains an
enduring advantage.}) 17. exd5 Rfc8 18. Nd2 Rb4 19. Nb3 Ne8 $1 {/\Nd6-c4} 20.
d6 $5 {Returning a pawn, White impedes Ne8's way to d6, but cannot count on
even a slight advamtage.} (20. Rad1 Nd6 21. Bc1 Nc4 $44) 20... Bxd6 21. Rfd1 (
21. Nd5 Rb5) 21... Ndf6 22. Rd2 Rbc4 23. Re2 Bb4 24. Bd2 e4 25. h3 Bxc3 (25...
Nd6 $5) 26. Bxc3 Nd5 27. Bd4 f5 1/2-1/2